[Event "Ile et Vilaine-ch"]
[Site "Ile et Vilaine"]
[Date "2003.03.22"]
[Round "7"]
[White "Marquer, Yoann"]
[Black "Le Guillerm, Bruno"]
[Result "1-0"]
[WhiteElo "1460"]
[BlackElo "1470"]
[PlyCount "103"]
[EventDate "2002.10.19"]
[EventType "swiss"]
[EventRounds "7"]
[EventCountry "FRA"]
[SourceTitle "EXT 2008"]
[Source "ChessBase"]
[SourceDate "2007.11.25"]
[SourceVersion "1"]
[SourceVersionDate "2007.11.25"]
[SourceQuality "1"]

1. e4 c5 2. Nf3 d6 3. d4 cxd4 4. Nxd4 Nf6 5. Nc3 a6 6. Be3 e6 7. f3 Be7 8. Qd2 Nc6 9. 0-0-0 Qc7 10. Kb1 Nxd4 11. Qxd4 e5 12. Qc4 Qa5 13. Bd2 Qd8 14. g4 b5 15. Qd3 Be6 16. Bg5 b4 17. Bxf6 bxc3 18. Bxe7 Kxe7 19. Qxc3 g5 20. Qe3 h6 21. h4 f6 22. hxg5 hxg5 23. Rxh8 Qxh8 24. Qb6 Qb8 25. Qxb8 Rxb8 26. Bxa6 Ra8 27. Bb7 Bxa2+ 28. Kc1 Ra7 29. Bd5 Bxd5 30. Rxd5 Ra1+ 31. Kd2 Rf1 32. Rd3 Kd7 33. c4 Kc6 34. b4 Rb1 35. b5+ Kc5 36. Rd5+ Kxc4 37. Rxd6 Rxb5 38. Rxf6 Rb2+ 39. Ke3 Rb3+ 40. Kf2 Kd3 41. Rf5 Rb2+ 42. Kg3 Ke3 43. Rxg5 Rf2 44. Rf5 Rf1 45. Kh4 Rxf3 46. Rxf3+ Kxf3 47. g5 Kf4 48. g6 Kxe4 49. g7 Kd3 50. g8Q e4 51. Qd5+ Ke3 52. Kg3 1-0

[Event "Ile et Vilaine-ch"]
[Site "Ile et Vilaine"]
[Date "2002.11.09"]
[Round "2"]
[White "Marquer, Yoann"]
[Black "Coll, Henri"]
[Result "1-0"]
[WhiteElo "1460"]
[BlackElo "1570"]
[PlyCount "99"]
[EventDate "2002.10.19"]
[EventType "swiss"]
[EventRounds "7"]
[EventCountry "FRA"]
[SourceTitle "EXT 2008"]
[Source "ChessBase"]
[SourceDate "2007.11.25"]
[SourceVersion "1"]
[SourceVersionDate "2007.11.25"]
[SourceQuality "1"]

1. e4 c5 2. Nc3 d6 3. f4 e5 4. Nf3 Nc6 5. Bc4 Bg4 6. 0-0 exf4 7. d3 g5 8. h4 h6 9. g3 Qd7 10. hxg5 hxg5 11. gxf4 Bxf3 12. Qxf3 Rh3 13. Bxf7+ Kxf7 14. Qg2 g4 15. f5 Nf6 16. Bg5 Ne5 17. Bxf6 Kxf6 18. Nd5+ Kf7 19. Rf4 Rh4 20. c3 Bh6 21. Rff1 Nxd3 22. Qg3 Rh3 23. Qxg4 Rg8 24. Qxg8+ Kxg8 25. Nf6+ Kf7 26. Nxd7 Ke7 27. Nxc5 Be3+ 28. Kg2 Nf4+ 29. Rxf4 Bxf4 30. Kxh3 dxc5 31. Kg4 Be5 32. Rd1 a5 33. Rd5 Bd6 34. Rxd6 Kxd6 35. f6 Ke6 36. e5 c4 37. Kg5 b5 38. a3 b4 39. Kg6 bxa3 40. bxa3 Kxe5 41. f7 Ke4 42. f8Q Kd3 43. Qf3+ Kc2 44. Kf5 a4 45. Ke4 Kb2 46. Kd4 Kxa3 47. Kxc4 Kb2 48. Qb7+ Ka2 49. Kb4 a3 50. Qg2+ 1-0

[Event "Ile et Vilaine-chA 0001"]
[Site "Ile et Vilaine"]
[Date "2001.01.06"]
[Round "4"]
[White "Marquer, Yoann"]
[Black "Caillot, Arnaud"]
[Result "0-1"]
[WhiteElo "1590"]
[BlackElo "1460"]
[PlyCount "58"]
[EventDate "2000.10.21"]
[EventType "swiss"]
[EventRounds "7"]
[EventCountry "FRA"]
[SourceTitle "EXT 2007"]
[Source "ChessBase"]
[SourceDate "2006.11.23"]
[SourceVersion "1"]
[SourceVersionDate "2006.11.23"]
[SourceQuality "1"]

1. e4 c5 2. Nf3 d6 3. d4 cxd4 4. Nxd4 Nf6 5. Nc3 a6 6. b3 g6 7. Bb2 Bg7 8. a4 0-0 9. Bc4 Bd7 10. 0-0 Qa5 11. Re1 Nc6 12. Nd5 Nxd5 13. exd5 Ne5 14. Qe2 Nxc4 15. Qxc4 Rac8 16. Qe2 Qxd5 17. Qxe7 Bxd4 18. Bxd4 Qxd4 19. Qxd7 Rxc2 20. Qxb7 Qxf2+ 21. Kh1 a5 22. Rf1 Qc5 23. Rae1 Qc6 24. Qxc6 Rxc6 25. Rc1 Rfc8 26. Rxc6 Rxc6 27. Rd1 Kg7 28. Rd5 Rc1+ 29. Rd1 Rxd1# 0-1